History Quiz

Random History or Word Play Quiz

Double Letters in Presidential Surnames Quiz Stats

 Plays Quiz Updated Jan 13, 2018

Score 0/5 Timer 01:00
2 Plays Today
% Correct
N
86.3%
O
81.8%
F
61.7%
R
61.5%
L
54.7%

You're not logged in!

Compare scores with friends on all Sporcle quizzes.
OR
Log In

You Might Also Like...

Show Comments

Extras

Top Quizzes Today


Score Distribution

Your Account Isn't Verified!

In order to create a playlist on Sporcle, you need to verify the email address you used during registration. Go to your Sporcle Settings to finish the process.

Report this User

Report this user for behavior that violates our Community Guidelines.

Details: